Statistics for 4x4数独パズル (sudoku)

Click here to take the quiz!

General Stats

  • This quiz has been taken 385 times
  • The average score is 8 of 11

Answers on the Map

Answers color-coded by a green-red scale on the quiz's map according to % correct below.
 

Answer Stats

Answer% Correct
1A
81%
2B
81%
1C
75%
3B
74%
2D
73%
4C
73%
1D
72%
3D
72%
3A
71%
4A
71%
4D
69%

Score Distribution

Percentile by Number Answered

Percent of People with Each Score

Your Score History

You have not taken this quiz